|
|
|
|
| LEADER |
02076nam a2200529 a 4500 |
| 001 |
nkc20071751779 |
| 003 |
CZ PrNK |
| 005 |
20071213084507.0 |
| 007 |
ta |
| 008 |
070917s2007 xr ab f 000 0 eng |
| 015 |
|
|
|a cnb001751779
|
| 020 |
|
|
|a 978-80-903584-7-8
|q (Petr Karas - P3K ;
|q váz.)
|
| 035 |
|
|
|a (OCoLC)190778447
|
| 040 |
|
|
|a BOA001
|b cze
|d ABA001
|
| 043 |
|
|
|a e-xr---
|
| 072 |
|
7 |
|a 502
|x Životní prostředí a jeho ochrana
|2 Konspekt
|9 2
|
| 080 |
|
|
|a 91:001.891
|2 MRF
|
| 080 |
|
|
|a 911.3
|2 MRF
|
| 080 |
|
|
|a 502.175
|2 MRF
|
| 080 |
|
|
|a 519.86/.87
|2 MRF
|
| 080 |
|
|
|a 004.94
|2 MRF
|
| 080 |
|
|
|a (437.3)
|2 MRF
|
| 080 |
|
|
|a (082)
|2 MRF
|
| 245 |
0 |
0 |
|a Modelling natural environment and society :
|b geographical systems and risk processes /
|c edited by Petr Dostál and Jakub Langhammer
|
| 260 |
|
|
|a Prague :
|b P3K for Charles University in Prague, Faculty of Science,
|c 2007
|
| 300 |
|
|
|a 283 s. :
|b il., mapy ;
|c 24 cm
|
| 504 |
|
|
|a Obsahuje bibliografie
|
| 650 |
0 |
7 |
|a geografický výzkum
|7 ph139206
|z Česko
|2 czenas
|
| 650 |
0 |
7 |
|a fyzická geografie
|7 ph120423
|z Česko
|2 czenas
|
| 650 |
0 |
7 |
|a socioekonomická geografie
|7 ph116196
|z Česko
|2 czenas
|
| 650 |
0 |
7 |
|a monitorování životního prostředí
|7 ph122969
|z Česko
|2 czenas
|
| 650 |
0 |
7 |
|a modelování a simulace
|7 ph125543
|z Česko
|2 czenas
|
| 650 |
0 |
9 |
|a geographical research
|z Czechia
|2 eczenas
|
| 650 |
0 |
9 |
|a physical geography
|z Czechia
|2 eczenas
|
| 650 |
0 |
9 |
|a socioeconomical geography
|z Czechia
|2 eczenas
|
| 650 |
0 |
9 |
|a environmental monitoring
|z Czechia
|2 eczenas
|
| 650 |
0 |
9 |
|a modeling and simulation
|z Czechia
|2 eczenas
|
| 655 |
|
7 |
|a sborníky
|7 fd163935
|2 czenas
|
| 655 |
|
9 |
|a miscellanea
|2 eczenas
|
| 700 |
1 |
|
|a Dostál, Petr,
|d 1947-2021
|7 jn20000400517
|4 edt
|
| 700 |
1 |
|
|a Langhammer, Jakub,
|d 1969-
|7 mzk2007401123
|4 edt
|
| 710 |
2 |
|
|a Univerzita Karlova.
|b Přírodovědecká fakulta
|7 kn20010709364
|
| 910 |
2 |
|
|a BOA001
|b 2-1190.456
|
| 990 |
|
|
|a BK
|
| 995 |
|
|
|a 01
|
| 991 |
|
|
|b 200710
|c NOV
|
| 996 |
6 |
|
|b 2610322750
|c 2-1190.456
|l MZK
|r Sklad / do 1 hodiny
|n 1
|p p.v.
|w 000869353
|u 000010
|a 1
|e BOA001
|j MZK50
|s P
|